Anthologie du roman populaire, 1836-1918 / (Record no. 141077)

MARC details
000 -LEADER
campo de control de longitud fija 00675nam a2200229 i 4500
001 - NÚMERO DE CONTROL
campo de control 141077
003 - IDENTIFICADOR DE NÚMERO DE CONTROL
campo de control ES-MaACL
005 - FECHA Y HORA DE LA ÚLTIMA TRANSACCIÓN
campo de control 20250712081415.0
007 - CAMPO FIJO DE DESCRIPCIÓN FÍSICA--INFORMACIÓN GENERAL
campo de control de longitud fija t|
008 - DATOS DE LONGITUD FIJA--INFORMACIÓN GENERAL
campo de control de longitud fija 070919s1985 fr ||||1| fre d
020 ## - NÚMERO INTERNACIONAL ESTÁNDAR DEL LIBRO
Número Internacional Estándar del Libro 2-264-00682-X
080 ## - NÚMERO DE LA CLASIFICACIÓN DECIMAL UNIVERSAL
Número de la Clasificación Decimal Universal 821.133.1
245 00 - MENCIÓN DEL TÍTULO
Título Anthologie du roman populaire, 1836-1918 /
Mención de responsabilidad, etc. par Michel Nathan.
260 ## - PUBLICACIÓN, DISTRIBUCIÓN, ETC.
Lugar de publicación, distribución, etc. Paris :
Nombre del editor, distribuidor, etc. Union Générale d'Éditions,
Fecha de publicación, distribución, etc. [1985]
300 ## - DESCRIPCIÓN FÍSICA
Extensión 373 p. ;
Dimensiones 18 cm.
490 1# - MENCIÓN DE SERIE
Mención de serie 10/18 ;
Designación de volumen o secuencia 1700
500 ## - NOTA GENERAL
Nota general Biblioteca Jacinto Martínez Lacalle.
700 1# - ENTRADA AGREGADA--NOMBRE PERSONAL
Nombre de persona Nathan, Michel.
9 (RLIN) 84993
830 0# - PUNTO DE ACCESO ADICIONAL DE SERIE-TÍTULO UNIFORME
Título uniforme 10/18
Designación de volumen o secuencia 1700
9 (RLIN) 187194
852 ## - LOCALIZACIÓN
Ubicación ES-MaACL
Número de control de estantería E-12162
Sublocalización o colección R.140071
Holdings
Estatus retirado Estado de pérdida Estado de daño No para préstamo Biblioteca de origen Biblioteca actual Ubicación en estantería Fecha de adquisición Fuente de adquisición Total de préstamos Signatura topográfica completa Código de barras Visto por última vez Precio de reemplazo Tipo de ítem Koha
        Biblioteca del Ateneo de Madrid Biblioteca del Ateneo de Madrid Depósito 2 17/01/2008     E-12162 1146797 23/02/2023 23/02/2023 Libro impreso